Music in German Philosophy (Record no. 15829)
[ view plain ]
| 000 -LEADER | |
|---|---|
| fixed length control field | 00643nam a22002057a 4500 |
| 003 - CONTROL NUMBER IDENTIFIER | |
| control field | OSt |
| 005 - DATE AND TIME OF LATEST TRANSACTION | |
| control field | 20160407123726.0 |
| 008 - FIXED-LENGTH DATA ELEMENTS--GENERAL INFORMATION | |
| fixed length control field | 160317b xxu||||| |||| 00| 0 eng d |
| 020 ## - INTERNATIONAL STANDARD BOOK NUMBER | |
| International Standard Book Number | 0226768370 |
| 040 ## - CATALOGING SOURCE | |
| Original cataloging agency | Kabu |
| Transcribing agency | Kabu |
| 050 ## - LIBRARY OF CONGRESS CALL NUMBER | |
| Classification number | ML3800 |
| Item number | .M87 2010 |
| 245 ## - TITLE STATEMENT | |
| Title | Music in German Philosophy |
| Remainder of title | an introduction |
| Statement of responsibility, etc. | edited by Stefan Lorenz Sorgner and Oliver Furbeth |
| 260 ## - PUBLICATION, DISTRIBUTION, ETC. (IMPRINT) | |
| Place of publication, distribution, etc. | USA |
| Name of publisher, distributor, etc. | University of Chicago |
| Date of publication, distribution, etc. | 2010 |
| 300 ## - PHYSICAL DESCRIPTION | |
| Extent | Xii, 265p. |
| 610 ## - SUBJECT ADDED ENTRY--CORPORATE NAME | |
| Corporate name or jurisdiction name as entry element | Music |
| General subdivision | philosophy and aesthetics |
| 610 ## - SUBJECT ADDED ENTRY--CORPORATE NAME | |
| Corporate name or jurisdiction name as entry element | Music and philosophy |
| General subdivision | German |
| 700 ## - ADDED ENTRY--PERSONAL NAME | |
| Personal name | Sorgner, Stefan Lorenz |
| 700 ## - ADDED ENTRY--PERSONAL NAME | |
| Personal name | Fubeth, Oliver |
| 942 ## - ADDED ENTRY ELEMENTS (KOHA) | |
| Source of classification or shelving scheme | Library of Congress Classification |
| Koha item type | General Collection |
| Call number prefix | ML3800 M87 2010 C.1 |
| Withdrawn status | Lost status | Source of classification or shelving scheme | Not for loan | Home library | Current library | Shelving location | Date acquired | Cost, normal purchase price | Total Checkouts | Full call number | Barcode | Date last seen | Copy number | Price effective from | Koha item type |
|---|---|---|---|---|---|---|---|---|---|---|---|---|---|---|---|
| Library of Congress Classification | Kabarak, Main Campus | Kabarak, Main Campus | General Stacks | 17/03/2016 | 6235.00 | ML3800 .M87 2010 | 026133 | 17/03/2016 | C.1 | 17/03/2016 | General Collection |